| 000 | 00837nas a2200277 4500 | ||
|---|---|---|---|
| 001 | BR2014004000 | ||
| 003 | BR-BrBNA | ||
| 005 | 20231205124204.0 | ||
| 007 | ta | ||
| 008 | 230509b bl.|||p| |||| 00| 00por d | ||
| 040 |
_aBR-BrBNA _bpor _cBiblioteca Nacional de Agricultura |
||
| 041 | _a(Pt) | ||
| 072 | _aF63 | ||
| 100 | 1 | _aPires, L.A. | |
| 100 | 1 | _aCardoso, V.J.M. | |
| 100 | 1 | _aJoly, C.A. | |
| 100 | 1 | _aRodrigues, R.R. | |
| 245 | 1 | _aGerminação de Ternstroemia brasiliensis Cambess. (Pentaphylacaceae)de Floresta de Restinga | |
| 650 | _aGERMINAÇÃO | ||
| 650 | _aSEMENTE | ||
| 650 | _aTEMPERATURA | ||
| 650 | _aECOLOGIA VEGETAL | ||
| 773 | 0 |
_tActa Botanica Brasilica (Brazil) _xISSN 0102-3306 _g(Jan- Mar 2009), v. 23(1) p. 57-66 _wBR2014004000 |
|
| 909 |
_a202311 _bLúcia _c55 _dLúcia Elande |
||
| 942 |
_2AGRIS _n0 _cANA |
||
| 999 |
_c237756 _d237756 |
||